000 00630nam a2200193 i 4500
001 20841
003 ES-MaACL
005 20230906152355.0
007 t|
008 021119s1957 sp ||||1| spa d
100 1 _aAlameda, Julián.
_919097
245 1 0 _aCómo era la vida de los primeros cristianos
_b: cuadros históricos litúrgicos de los tiempos primitivos /
_cJulián Alameda.
260 _a[Bilbao] :
_bDesclie de Brouwer,
_c1957 (
_eSan Sebastián :
_fEscelicer)
300 _a170 p. ;
_c19 cm.
490 1 _aSpiritus
830 0 _aSpiritus
_9181888
852 _aES-MaACL
_jC-14274
_bR.40805
999 _c20841
_d20841